000 00928nam a2200289 i 4500
001 000027900
003 DO-SdBNP
005 20250707094049.0
007 ta
008 110405s1971 dr a 000 0 spa d
040 _aDO-SdBNP
_bspa
_cBNPHU
_erda
041 _aspa
049 _aBNPD
082 4 _axxx
_bxxx
_222
100 _aSantana Rivera, Félix
_eautor
_4aut.
_930806
245 1 0 _aMetodología y técnica de la ciencia económica /
_cFélix Santana Rivera.
250 _aPrimera edición
264 1 _aSanto Domingo :
_bEditora de la Salle,
_c1971.
300 _a132 páginas :
_bil.ustraciones ;
_c22 cm.
336 _atexto
_btxt
_2rdacontent
337 _asin mediación
_bn
_2rdamedia
338 _avolumen
_bnc
_2rdacarrier
500 _aIncluye referencias bibliográficas y notas al pie de las páginas
504 _aBibliografía : páginas 129 -132
590 _aInventariado, 2025/BT
942 _2ddc
_cLBS1
999 _c27392
_d27392